NBA 2017-18 Daily Points Leaders - Statistics

General Stats
  • This quiz has been taken 51 times
  • The average score is 38 of 53
Answer Stats
Player % Correct
Kevin Durant
100%
Kyrie Irving
100%
LeBron James
100%
Russell Westbrook
100%
Stephen Curry
100%
Anthony Davis
98%
Damian Lillard
98%
Giannis Antetokounmpo
98%
James Harden
98%
Klay Thompson
98%
Kemba Walker
95%
Nikola Jokic
95%
Paul George
95%
Bradley Beal
93%
DeMarcus Cousins
93%
DeMar DeRozan
93%
Devin Booker
93%
Joel Embiid
93%
Karl-Anthony Towns
93%
Kevin Love
93%
Aaron Gordon
90%
Eric Gordon
90%
Victor Oladipo
90%
C.J. McCollum
85%
Jimmy Butler
85%
Kristaps Porzingis
85%
Kyle Lowry
85%
LaMarcus Aldridge
85%
Lou Williams
85%
Khris Middleton
83%
Nikola Vucevic
83%
Donovan Mitchell
80%
D'Angelo Russell
76%
Goran Dragic
71%
Dwight Howard
66%
Gary Harris
63%
Kyle Kuzma
61%
Jonathon Simmons
59%
Paul Millsap
59%
Enes Kanter
54%
Tim Hardaway Jr.
54%
Will Barton
46%
Jabari Parker
41%
Michael Beasley
29%
Jordan Clarkson
24%
T.J. Warren
24%
Rodney Hood
22%
Trey Burke
22%
Austin Rivers
20%
Allen Crabbe
12%
Mario Hezonja
12%
Alec Peters
2%
Garrett Temple
2%
No matching quizzes found
Score Distribution
Percent of People with Each Score
Percentile by Number Answered
Your Score History
You have not taken this quiz